Rewriting gender: reading contemporary Chinese women (Record no. 586223)

MARC details
000 -LEADER
fixed length control field 00727nam a2200229Ia 4500
003 - CONTROL NUMBER IDENTIFIER
control field OSt
005 - DATE AND TIME OF LATEST TRANSACTION
control field 20260105112427.0
008 - FIXED-LENGTH DATA ELEMENTS--GENERAL INFORMATION
fixed length control field 220923b |||||||| |||| 00| 0 eng d
020 ## - INTERNATIONAL STANDARD BOOK NUMBER
International Standard Book Number 1856494101
037 ## - SOURCE OF ACQUISITION
Terms of availability General Book
040 ## - CATALOGING SOURCE
Original cataloging agency RTL
Transcribing agency RTL
Language of cataloging eng
041 ## - LANGUAGE CODE
Source of code eng
Language code of text/sound track or separate title eng
084 ## - COLON CLASSIFICATION NUMBER
Classification number Y:3(S5).41.N7, N7
Assigning agency RTL
100 ## - MAIN ENTRY--PERSONAL NAME
Personal name Thakur Ravni
9 (RLIN) 294029
245 #0 - TITLE STATEMENT
Title Rewriting gender: reading contemporary Chinese women
260 ## - PUBLICATION, DISTRIBUTION, ETC.
Place of publication, distribution, etc. London
Name of publisher, distributor, etc. Zed Books
Date of publication, distribution, etc. 1997
300 ## - PHYSICAL DESCRIPTION
Extent vii, 224 p.
Other physical details Includes bibliographical references and index.
500 ## - GENERAL NOTE
General note Bibliography P200-217
650 ## - SUBJECT ADDED ENTRY--TOPICAL TERM
Topical term or geographic name entry element Sociology in Psychology Sex
9 (RLIN) 294030
942 ## - ADDED ENTRY ELEMENTS (KOHA)
Classification part Y:3(S5).41.N7, N7
Koha item type General Books
Source of classification or shelving scheme Colon Classification (CC)
Suppress in OPAC No
Holdings
Withdrawn status Lost status Source of classification or shelving scheme Damaged status Not for loan Home library Current library Date acquired Total Checkouts Full call number Barcode Date last seen Price effective from Koha item type
    Colon Classification (CC)     Ratan Tata Library Ratan Tata Library 2022-09-25   Y:3(S5).41.N7, N7 RT1162823 2022-09-25 2022-09-25 General Books
Copyright @ Delhi University Library System